Statistiche per Film con George Clooney

Clicka qui per fare il quiz!

Statistiche generali

  • Questo quiz è stato fatto 9 volte
  • Il punteggio medio è 10 su 41

Statistiche sulle risposte

AnnoGenereRegistaFilm% Corretto
2001azione, commedia, thrillerSteven SoderberghOcean's Eleven - Fate il vostro gioco
89%
2007azione, commedia, thrillerSteven SoderberghOcean's Thirteen
89%
2004azione, commedia, thrillerSteven SoderberghOcean's Twelve
89%
2011drammatico, thrillerGeorge ClooneyLe idi di marzo
44%
2011commedia, drammaticoAlexander PayneParadiso amaro
44%
2022commedia, sentimentaleOl ParkerTicket to Paradise
44%
1997azione, fantascienzaJoel SchumacherBatman & Robin
33%
1996azione, giallo, horrorRobert RodríguezDal tramonto all'alba
33%
2013drammatico, fantascienza, thrillerAlfonso CuarónGravity
33%
2005drammatico, thrillerStephen GaghanSyriana
33%
2016commedia, gialloJoel ed Ethan CoenAve, Cesare!
22%
2008commedia, drammatico, gialloJoel ed Ethan CoenBurn After Reading - A prova di spia
22%
2000avventura, commedia, drammaticoJoel CoenFratello, dove sei?
22%
2005biografico, drammaticoGeorge ClooneyGood Night, and Good Luck.
22%
1998drammatico, guerraTerrence MalickLa sottile linea rossa
22%
2009commedia, guerraGrant HeslovL'uomo che fissa le capre
22%
2003azione, avventura, commediaRobert RodriguezMissione 3D - Game Over
22%
2016drammatico, thrillerJodie FosterMoney Monster - L'altra faccia del denaro
22%
2003commedia, sentimentaleJoel ed Ethan CoenPrima ti sposo poi ti rovino
22%
2001azione, avventura, commediaRobert RodriguezSpy Kids
22%
1997azione, thrillerMimi LederThe Peacemaker
22%
2015avventura, fantascienzaBrad BirdTomorrowland - Il mondo di domani
22%
2009commedia, drammaticoJason ReitmanTra le nuvole
22%
1992commediaAlfredo e Deborah RingelBolle magiche
11%
2002biografico, drammatico, gialloGeorge ClooneyConfessioni di una mente pericolosa
11%
1989azione, drammatico, gialloH. Gordon BoosGiovani iene
11%
1983horrorDavid SheldonGrizzly II: The Concert
11%
1988commedia, horror, fantascienzaJohn De BelloIl ritorno dei pomodori assassini
11%
2008commedia, drammatico, sportivoGeorge ClooneyIn amore niente regole
11%
2006drammaticoSteven SoderberghIntrigo a Berlino
11%
1987commedia, horrorBill FroehlichLa scuola degli orrori
11%
2000azione, avventura, drammaticoWolfgang PetersenLa tempesta perfetta
11%
2007drammatico, thrillerTony GilroyMichael Clayton
11%
2014drammatico, guerraGeorge ClooneyMonuments Men
11%
1998commedia, drammatico, thrillerSteven SoderberghOut of Sight
11%
2002drammatico, fantascienza, sentimentaleSteven SoderberghSolaris
11%
2010azione, drammatico, thrillerAnton CorbijnThe American
11%
2020drammatico, fantascienza, thrillerGeorge ClooneyThe Midnight Sky
11%
1999azione, commedia, guerraDavid O. RussellThree Kings
11%
1996commedia, drammatico, sentimentaleMichael HoffmanUn giorno... per caso
11%
2002commediaAnthony Russo, Joe RussoWelcome to Collinwood
11%

Distribuzione punteggi

Percentile per numero di risposta

Percentuale di utenti per punteggio

I tuoi punteggi nel tempo

Non hai fatto questo quiz